000 00355 a2200133 4500
005 20250422161022.0
020 _a0-07-145961-8
082 _a657.48 BER
100 _aBERRY, L. E.
245 _aManagement Accounting Demystified.
260 _aNew York,
_bMcGraw-Hill,
_c2006.
300 _axx, 411p.: ill.; figure
_bGlossary & Index
_c23cm
942 _2ddc
_cBKS
999 _c1613
_d1613